00761cam a2200157 a 4500020002100000040000800021082003500029245004000064260004600104300004400150500016900194650002100363700003000384700002600414710016300440 a9798316002 (set) cDLC00a581​​​ ESC 2003 C152 Co.00aPlant resources of South-East Asia. aBogor :bESCAP CGPRT Centre,c1990-<2003> av. <1-19; in 32> :bill, maps ;c26 cm. aVols. 2-<12,16, 18-19> has imprint: Bogor, Indonesia : Prosea; for countries other than South-East Asia distributed by Backhuys Publishers, Leiden, the Netherlands. 0aBotany, Economic1 aMaesen, L. J. G. van der.1 aSomaatmadja, Sadikin.2 aESCAP Regional Co-ordination Centre for Research and Development of Coarse Grains, Pulses, Roots and Tuber Crops in the Humid Tropics of Asia and the Pacific.